[Event "Commonwealth Championship 3rd"]
[Site "Docklands, London"]
[Date "1985.02.19"]
[Round "4"]
[White "Martin, Andrew D"]
[Black "Carton, Pat"]
[Result "1-0"]
[WhiteElo "2425"]
[BlackElo "2300"]
[PlyCount "75"]
[EventDate "1985.02.16"]
[EventType "swiss"]
[EventRounds "11"]
[EventCountry "ENG"]
[SourceTitle "BritBase"]
[Source "John Saunders"]
[SourceDate "2022.12.30"]
[SourceVersion "1"]
[SourceVersionDate "2022.12.30"]
[SourceQuality "1"]

1. d4 Nf6 2. c4 e6 3. Nc3 Bb4 4. e3 b6 5. Nge2 Ba6 6. Ng3 O-O 7. e4 Bxc3+ 8.
bxc3 d6 9. Bd3 Nc6 10. O-O e5 11. Be3 Bc8 12. h3 h6 13. f4 exf4 14. Rxf4 Nh7
15. Qd2 Qe7 16. Raf1 Nd8 17. Nf5 Bxf5 18. exf5 f6 19. Rg4 Kh8 20. Re1 Qd7 21.
Re4 Nc6 22. Bc2 Rae8 23. Rxe8 Rxe8 24. Ba4 d5 25. cxd5 Qxd5 26. Bxh6 Rxe1+ 27.
Qxe1 gxh6 28. Qe8+ Kg7 29. Bb3 Qd8 30. Qxc6 Ng5 31. h4 Qe7 32. Be6 Nxe6 33.
fxe6 f5 34. Qd5 Kg6 35. h5+ Kg5 36. Qe5 c6 37. g3 Qa3 38. e7 1-0

[Event "Commonwealth Championship 3rd"]
[Site "Docklands, London"]
[Date "1985.02.19"]
[Round "4"]
[White "Nunn, John DM"]
[Black "Davies, Nigel Rodney"]
[Result "1-0"]
[WhiteElo "2615"]
[BlackElo "2355"]
[PlyCount "71"]
[EventDate "1985.02.16"]
[EventType "swiss"]
[EventRounds "11"]
[EventCountry "ENG"]
[SourceTitle "BritBase"]
[Source "John Saunders"]
[SourceDate "2022.12.30"]
[SourceVersion "1"]
[SourceVersionDate "2022.12.30"]
[SourceQuality "1"]

1. e4 g6 2. d4 Bg7 3. Nc3 d6 4. Nf3 Nf6 5. h3 O-O 6. Be3 Na6 7. Be2 c5 8. dxc5
Nxc5 9. e5 Nfe4 10. Nxe4 Nxe4 11. Qd5 Nc5 12. exd6 exd6 13. c3 Be6 14. Qd2 Ne4
15. Qc2 d5 16. O-O Qc7 17. Bd4 Qf4 18. Bxg7 Kxg7 19. Rad1 Rac8 20. Rd4 Qf6 21.
Qa4 a6 22. Qb4 Ng5 23. Rf4 a5 24. Qa4 Nxf3+ 25. Rxf3 Qe5 26. Re3 Qc7 27. Qd4+
Kg8 28. Rd1 Rfd8 29. h4 Qc5 30. Qf6 Qf8 31. Rd4 Rd6 32. Qf4 Rb6 33. Rd2 Qd6 34.
Qf6 Bf5 35. Qd4 Qc5 36. Re8+ 1-0

[Event "Commonwealth Championship 3rd"]
[Site "Docklands, London"]
[Date "1985.02.19"]
[Round "4"]
[White "Short, Nigel D"]
[Black "Hodgson, Julian M"]
[Result "1/2-1/2"]
[WhiteElo "2535"]
[BlackElo "2455"]
[PlyCount "51"]
[EventDate "1985.02.16"]
[EventType "swiss"]
[EventRounds "11"]
[EventCountry "ENG"]
[SourceTitle "BritBase"]
[Source "John Saunders"]
[SourceDate "2022.12.30"]
[SourceVersion "1"]
[SourceVersionDate "2022.12.30"]
[SourceQuality "1"]

1. e4 e5 2. Nf3 Nc6 3. Bb5 a6 4. Ba4 Nf6 5. O-O Be7 6. Bxc6 dxc6 7. d3 Nd7 8.
Bd2 O-O 9. Bc3 f6 10. d4 exd4 11. Nxd4 Nc5 12. Qe2 Bd6 13. Nd2 Re8 14. f4 Kh8
15. b3 Ne6 16. Nxe6 Bxe6 17. Rae1 Bc5+ 18. Kh1 Bd4 19. Qd3 Bxc3 20. Qxc3 Qd6
21. e5 fxe5 22. Ne4 Qd4 23. fxe5 Qxc3 24. Nxc3 Rad8 25. Kg1 Kg8 26. Rf2 1/2-1/2

[Event "Commonwealth Championship 3rd"]
[Site "Docklands, London"]
[Date "1985.02.19"]
[Round "4"]
[White "Speelman, Jonathan S"]
[Black "Littlewood, Paul E"]
[Result "1/2-1/2"]
[WhiteElo "2530"]
[BlackElo "2445"]
[PlyCount "97"]
[EventDate "1985.02.16"]
[EventType "swiss"]
[EventRounds "11"]
[EventCountry "ENG"]
[SourceTitle "BritBase"]
[Source "John Saunders"]
[SourceDate "2022.12.30"]
[SourceVersion "1"]
[SourceVersionDate "2022.12.30"]
[SourceQuality "1"]

1. d4 Nf6 2. c4 g6 3. Nf3 Bg7 4. g3 O-O 5. Bg2 d6 6. Nc3 c5 7. h3 Nc6 8. Be3
Qa5 9. Qd2 Qb4 10. b3 Bf5 11. Rc1 Ne4 12. Nxe4 Bxe4 13. d5 Qxd2+ 14. Bxd2 Nb4
15. Bxb4 cxb4 16. O-O a5 17. c5 Bc3 18. cxd6 exd6 19. Rfd1 Rfe8 20. e3 Bxf3 21.
Bxf3 a4 22. Rc2 axb3 23. axb3 Ra3 24. Rb1 Rea8 25. Be4 Kg7 26. h4 Ra1 27. Rcc1
R1a2 28. Rc2 Ra1 29. Rcc1 R1a2 30. Rc2 Rxc2 31. Bxc2 Kf6 32. Be4 Ke5 33. Bf3
Ra2 34. Bg2 f5 35. Kf1 h6 36. f4+ Kf6 37. Bf3 Bd2 38. Kf2 Rc2 39. Ke2 Ra2 40.
Kf2 Bc1+ 41. Be2 Rc2 42. Kf3 Rc3 43. Bd3 Rxd3 44. Rxc1 Rxd5 45. Rc4 Rb5 46. Rc7
h5 47. Rd7 Ke6 48. Rg7 Kf6 49. Rd7 1/2-1/2

[Event "Commonwealth Championship 3rd"]
[Site "Docklands, London"]
[Date "1985.02.19"]
[Round "4"]
[White "Watson, William N"]
[Black "Spraggett, Kevin"]
[Result "0-1"]
[WhiteElo "2460"]
[BlackElo "2560"]
[PlyCount "86"]
[EventDate "1985.02.16"]
[EventType "swiss"]
[EventRounds "11"]
[EventCountry "ENG"]
[SourceTitle "BritBase"]
[Source "John Saunders"]
[SourceDate "2022.12.30"]
[SourceVersion "1"]
[SourceVersionDate "2022.12.30"]
[SourceQuality "1"]

1. e4 c5 2. Nc3 e6 3. f4 d5 4. Nf3 Nc6 5. Bb5 Nf6 6. Ne5 Qc7 7. Qe2 Be7 8. O-O
O-O 9. Bxc6 bxc6 10. b3 c4 11. bxc4 Bb4 12. exd5 cxd5 13. cxd5 exd5 14. Bb2 Re8
15. Kh1 Bb7 16. a3 Bc5 17. Qd3 Rad8 18. Rab1 Qc8 19. Nb5 d4 20. Nxd4 Qa8 21.
Nef3 Re4 22. Qb5 Bb6 23. c4 Rxf4 24. c5 Rd5 25. Rbc1 Ne4 26. Ne2 Rg4 27. d4 Rh5
28. Qd7 Nf6 29. Qd6 Rd5 30. Qe7 Re4 31. Qxe4 Nxe4 32. cxb6 axb6 33. Rc7 Nf6 34.
Rfc1 Rd8 35. Neg1 Nd5 36. R7c2 Ne3 37. Re2 Nd5 38. Rce1 h6 39. Re5 Nf4 40. Rf5
Nd3 41. Re2 Be4 42. Rb5 Qc6 43. a4 Nf4 0-1

[Event "Commonwealth Championship 3rd"]
[Site "Docklands, London"]
[Date "1985.02.20"]
[Round "5"]
[White "Bellin, Robert"]
[Black "Hodgson, Julian M"]
[Result "1/2-1/2"]
[WhiteElo "2390"]
[BlackElo "2455"]
[PlyCount "62"]
[EventDate "1985.02.16"]
[EventType "swiss"]
[EventRounds "11"]
[EventCountry "ENG"]
[SourceTitle "BritBase"]
[Source "John Saunders"]
[SourceDate "2022.12.30"]
[SourceVersion "1"]
[SourceVersionDate "2022.12.30"]
[SourceQuality "1"]

1. Nf3 Nf6 2. b3 d5 3. Bb2 Bg4 4. e3 Nbd7 5. Be2 e6 6. O-O Bd6 7. c4 Bxf3 8.
Bxf3 c6 9. cxd5 exd5 10. Ba3 Bxa3 11. Nxa3 a5 12. Nc2 O-O 13. d3 Re8 14. Qd2
Nf8 15. Be2 Qd6 16. f4 c5 17. Bf3 b5 18. g3 Ra7 19. Rfe1 b4 20. Qg2 a4 21. e4
dxe4 22. dxe4 axb3 23. e5 Qd3 24. axb3 Rxa1 25. Nxa1 N6d7 26. Rd1 Qc3 27. Bc6
Re7 28. Qc2 Qe3+ 29. Qf2 Qc3 30. Qc2 Qe3+ 31. Qf2 Qc3 1/2-1/2

[Event "Commonwealth Championship 3rd"]
[Site "Docklands, London"]
[Date "1985.02.20"]
[Round "5"]
[White "Davies, Nigel Rodney"]
[Black "Ravisekhar, Raja"]
[Result "1/2-1/2"]
[WhiteElo "2355"]
[BlackElo "2420"]
[PlyCount "48"]
[EventDate "1985.02.16"]
[EventType "swiss"]
[EventRounds "11"]
[EventCountry "ENG"]
[SourceTitle "BritBase"]
[Source "John Saunders"]
[SourceDate "2022.12.30"]
[SourceVersion "1"]
[SourceVersionDate "2022.12.30"]
[SourceQuality "1"]

1. g3 e5 2. Bg2 Nc6 3. c4 g6 4. Nc3 Bg7 5. Rb1 f5 6. b4 d6 7. b5 Nce7 8. e3 Nf6
9. Nge2 e4 10. d3 exd3 11. Qxd3 Nd7 12. Qc2 a6 13. O-O axb5 14. cxb5 Nc5 15. a4
O-O 16. Ba3 Ra7 17. Bxc5 dxc5 18. b6 cxb6 19. Nb5 Ra5 20. Qc4+ Kh8 21. Rfd1 Qe8
22. Nd6 Qxa4 23. Nf7+ Kg8 24. Nh6+ Kh8 1/2-1/2

[Event "Commonwealth Championship 3rd"]
[Site "Docklands, London"]
[Date "1985.02.20"]
[Round "5"]
[White "Jamieson, Peter McKeich"]
[Black "Miles, Jana"]
[Result "1/2-1/2"]
[WhiteElo "2315"]
[BlackElo "2230"]
[PlyCount "61"]
[EventDate "1985.02.16"]
[EventType "swiss"]
[EventRounds "11"]
[EventCountry "ENG"]
[SourceTitle "BritBase"]
[Source "John Saunders"]
[SourceDate "2022.12.30"]
[SourceVersion "1"]
[SourceVersionDate "2022.12.30"]
[SourceQuality "1"]

1. d4 Nf6 2. Nf3 b6 3. g3 Bb7 4. Bg2 c5 5. c3 g6 6. O-O Bg7 7. Nbd2 O-O 8. e4
Nxe4 9. Ng5 Nd6 10. Bxb7 Nxb7 11. d5 e6 12. Ndf3 Nd6 13. Bf4 Nc4 14. dxe6 fxe6
15. Qe2 b5 16. b3 Nb6 17. Bd6 Rf5 18. Ne4 Nc6 19. Bxc5 b4 20. Nd4 bxc3 21. Nxc6
dxc6 22. Rac1 Nd5 23. Rfd1 Qa5 24. Bd4 Raf8 25. Nd6 Bxd4 26. Qxe6+ Kh8 27. Rxd4
Rxf2 28. Qe5+ Kg8 29. Qe6+ Kh8 30. Qe5+ Kg8 31. Qe6+ 1/2-1/2

[Event "Commonwealth Championship 3rd"]
[Site "Docklands, London"]
[Date "1985.02.20"]
[Round "5"]
[White "King, Daniel J"]
[Black "Nunn, John DM"]
[Result "1-0"]
[WhiteElo "2425"]
[BlackElo "2615"]
[PlyCount "59"]
[EventDate "1985.02.16"]
[EventType "swiss"]
[EventRounds "11"]
[EventCountry "ENG"]
[SourceTitle "BritBase"]
[Source "John Saunders"]
[SourceDate "2022.12.30"]
[SourceVersion "1"]
[SourceVersionDate "2022.12.30"]
[SourceQuality "1"]

1. e4 c5 2. Nf3 d6 3. d4 Nf6 4. Nc3 cxd4 5. Nxd4 g6 6. Be3 Bg7 7. h3 a6 8. g4
Nc6 9. Qd2 Bd7 10. O-O-O Rc8 11. Nxc6 Rxc6 12. Bg2 Rc4 13. e5 dxe5 14. b3 Rd4
15. Bxd4 exd4 16. Qxd4 Qa5 17. Nd5 O-O 18. Nxf6+ Bxf6 19. Qxd7 e6 20. Rd3 Qxa2
21. Qc7 Qb2+ 22. Kd2 Be5 23. Qc4 b5 24. Qc5 b4 25. Ke2 Bc3 26. Rxc3 bxc3 27.
Be4 Re8 28. Qa5 f5 29. Bd3 Rb8 30. Qa1 1-0

[Event "Commonwealth Championship 3rd"]
[Site "Docklands, London"]
[Date "1985.02.20"]
[Round "5"]
[White "Littlewood, Paul E"]
[Black "Law, Andrew P"]
[Result "1-0"]
[WhiteElo "2445"]
[BlackElo "2335"]
[PlyCount "85"]
[EventDate "1985.02.16"]
[EventType "swiss"]
[EventRounds "11"]
[EventCountry "ENG"]
[SourceTitle "BritBase"]
[Source "John Saunders"]
[SourceDate "2022.12.30"]
[SourceVersion "1"]
[SourceVersionDate "2022.12.30"]
[SourceQuality "1"]

1. d4 Nf6 2. c4 c5 3. d5 b5 4. Nf3 g6 5. cxb5 a6 6. e3 Bg7 7. Nc3 O-O 8. a4 e6
9. dxe6 fxe6 10. Qd6 axb5 11. Bxb5 Na6 12. O-O Ne8 13. Qg3 d5 14. e4 d4 15. Ne2
Nd6 16. Bc6 Ra7 17. Bf4 Nf7 18. Ng5 Nb4 19. Bb5 e5 20. Bd2 Nxg5 21. Bxg5 Qb6
22. Rac1 Be6 23. Bd2 Na6 24. Qd3 Rc8 25. a5 Qd6 26. Bc4 Rb8 27. b3 Bf8 28. Ra1
Nb4 29. Bxb4 Rxb4 30. Rfc1 Bxc4 31. Rxc4 Qb8 32. Rxb4 Qxb4 33. a6 Bh6 34. Kf1
Kg7 35. g3 Kf6 36. f4 Ke7 37. Ra4 Qb6 38. Kg2 Qd6 39. Kf3 exf4 40. gxf4 g5 41.
e5 Qd5+ 42. Kf2 Ke6 43. Qh3+ 1-0

[Event "Commonwealth Championship 3rd"]
[Site "Docklands, London"]
[Date "1985.02.20"]
[Round "5"]
[White "Martin, Andrew D"]
[Black "Short, Nigel D"]
[Result "1/2-1/2"]
[WhiteElo "2425"]
[BlackElo "2535"]
[PlyCount "66"]
[EventDate "1985.02.16"]
[EventType "swiss"]
[EventRounds "11"]
[EventCountry "ENG"]
[SourceTitle "BritBase"]
[Source "John Saunders"]
[SourceDate "2022.12.30"]
[SourceVersion "1"]
[SourceVersionDate "2022.12.30"]
[SourceQuality "1"]

1. d4 Nf6 2. c4 e6 3. Nc3 Bb4 4. e3 c5 5. a3 Bxc3+ 6. bxc3 O-O 7. Bd3 Nc6 8.
Ne2 b6 9. e4 Ne8 10. O-O Ba6 11. f4 f5 12. Ng3 Ne7 13. exf5 Nxf5 14. Nxf5 exf5
15. dxc5 bxc5 16. Rb1 Rb8 17. Be3 d6 18. Qa4 Rxb1 19. Rxb1 Qc8 20. Bf2 Nf6 21.
Bh4 Nd5 22. cxd5 Bxd3 23. Re1 Qb7 24. Be7 Rc8 25. Bxd6 Be4 26. Bxc5 Qxd5 27.
Bf2 h6 28. Rd1 Qc6 29. Qxc6 Rxc6 30. Rd7 Rxc3 31. Rxg7+ Kxg7 32. Bd4+ Kg6 33.
Bxc3 a6 1/2-1/2

[Event "Commonwealth Championship 3rd"]
[Site "Docklands, London"]
[Date "1985.02.20"]
[Round "5"]
[White "Norwood, David"]
[Black "Johansen, Darryl Keith"]
[Result "1-0"]
[WhiteElo "2335"]
[BlackElo "2425"]
[Annotator "Johansen,D"]
[PlyCount "83"]
[EventDate "1985.02.16"]
[EventType "swiss"]
[EventRounds "11"]
[EventCountry "ENG"]
[SourceTitle "BritBase"]
[Source "John Saunders"]
[SourceDate "2022.12.30"]
[SourceVersion "1"]
[SourceVersionDate "2022.12.30"]
[SourceQuality "1"]

1. d4 Nf6 2. Nf3 e6 3. c4 c5 4. d5 b5 5. g3 bxc4 6. Nc3 exd5 7. Nxd5 Bb7 8. e4
Nxd5 9. exd5 Qe7+ 10. Be3 Qe4 11. Bg2 Na6 12. O-O Qxd5 13. Qe2 Qd3 14. Qe1
O-O-O $5 15. Qa5 d5 $2 (15... Qd6) 16. Bh3+ f5 17. Rad1 Qe4 18. Ng5 Qe8 19.
Bxf5+ Kb8 20. Ne6 Bd6 21. Rfe1 $16 d4 22. Nxd8 Qxd8 23. Qxd8+ Rxd8 24. Bg5 Rf8
25. Bxh7 Kc7 26. Re6 Bc8 $2 27. Rg6 Nb4 28. Rxg7+ Kb6 29. a3 Nd3 30. Bxd3 cxd3
31. Rxd3 Kb5 32. Be7 Bxe7 33. Rxe7 a5 34. Re5 Rd8 35. Rd2 Bb7 36. f4 d3 37. Kf2
Kc4 38. Ke3 a4 39. f5 Ba6 40. f6 Kb3 41. Rxc5 Re8+ 42. Kf4 1-0

[Event "Commonwealth Championship 3rd"]
[Site "Docklands, London"]
[Date "1985.02.20"]
[Round "5"]
[White "Orr, Mark JL"]
[Black "Watson, William N"]
[Result "1/2-1/2"]
[WhiteElo "2320"]
[BlackElo "2460"]
[PlyCount "64"]
[EventDate "1985.02.16"]
[EventType "swiss"]
[EventRounds "11"]
[EventCountry "ENG"]
[SourceTitle "BritBase"]
[Source "John Saunders"]
[SourceDate "2022.12.30"]
[SourceVersion "1"]
[SourceVersionDate "2022.12.30"]
[SourceQuality "1"]

1. c4 g6 2. Nc3 Bg7 3. d4 Nf6 4. e4 d6 5. Nf3 O-O 6. Be2 c6 7. O-O e5 8. Bg5
Qb6 9. d5 c5 10. a3 h6 11. Bd2 a5 12. Ne1 Ne8 13. Nd3 f5 14. f4 fxe4 15. Nxe4
Bf5 16. Bf3 exf4 17. Bxf4 g5 18. Bd2 Nd7 19. Bc3 Bxc3 20. Nxc3 Nef6 21. Qd2
Rae8 22. Be2 Ne4 23. Nxe4 Rxe4 24. Rf2 Rxc4 25. Raf1 Re4 26. Rxf5 c4+ 27. R5f2
cxd3 28. Qxd3 Rff4 29. g3 Nc5 30. Qc3 Rxf2 31. Rxf2 Re5 32. Qf3 Ne4 1/2-1/2

[Event "Commonwealth Championship 3rd"]
[Site "Docklands, London"]
[Date "1985.02.20"]
[Round "5"]
[White "Speelman, Jonathan S"]
[Black "Hebden, Mark L"]
[Result "1-0"]
[WhiteElo "2530"]
[BlackElo "2480"]
[PlyCount "77"]
[EventDate "1985.02.16"]
[EventType "swiss"]
[EventRounds "11"]
[EventCountry "ENG"]
[SourceTitle "BritBase"]
[Source "John Saunders"]
[SourceDate "2022.12.30"]
[SourceVersion "1"]
[SourceVersionDate "2022.12.30"]
[SourceQuality "1"]

1. Nf3 Nf6 2. c4 g6 3. Nc3 Bg7 4. e4 d6 5. d4 O-O 6. Be2 e5 7. Be3 Ng4 8. Bg5
f6 9. Bh4 Nc6 10. h3 Nh6 11. d5 Ne7 12. Qc2 f5 13. O-O-O f4 14. Ng5 Bf6 15. c5
Nef5 16. Ne6 Bxe6 17. Bxf6 Rxf6 18. dxe6 Nd4 19. Rxd4 exd4 20. Qb3 Kh8 21. e7
Qxe7 22. Nd5 Qxe4 23. Bf3 Qf5 24. Nxf6 Qxf6 25. Qxb7 Rd8 26. c6 Qf7 27. Qxa7
Nf5 28. Re1 Qc4+ 29. Kb1 Qb4 30. Rc1 Rb8 31. b3 Qb6 32. Qxb6 Rxb6 33. Re1 Kg7
34. Re8 d5 35. Bxd5 d3 36. Rc8 Nd4 37. Rxc7+ Kf6 38. Rd7 d2 39. Bf3 1-0

[Event "Commonwealth Championship 3rd"]
[Site "Docklands, London"]
[Date "1985.02.20"]
[Round "5"]
[White "Thipsay, Praveen Mahadeo"]
[Black "Howell, James C"]
[Result "1-0"]
[WhiteElo "2470"]
[BlackElo "2395"]
[PlyCount "67"]
[EventDate "1985.02.16"]
[EventType "swiss"]
[EventRounds "11"]
[EventCountry "ENG"]
[SourceTitle "BritBase"]
[Source "John Saunders"]
[SourceDate "2022.12.30"]
[SourceVersion "1"]
[SourceVersionDate "2022.12.30"]
[SourceQuality "1"]

1. e4 c5 2. Nf3 d6 3. d4 cxd4 4. Nxd4 Nf6 5. Nc3 a6 6. Bg5 e6 7. f4 Be7 8. Qf3
Qc7 9. O-O-O Nbd7 10. g4 b5 11. a3 Rb8 12. Bxf6 Nxf6 13. f5 b4 14. axb4 Rxb4
15. g5 Nd7 16. fxe6 Bxg5+ 17. Kb1 Nb6 18. Qxf7+ Qxf7 19. exf7+ Kd7 20. Bh3+ Kc7
21. Bxc8 Kxc8 22. Ne6 Bf6 23. Nd5 Nxd5 24. Rxd5 Rxb2+ 25. Kc1 Ra2 26. Kd2 Be7
27. Rf1 Bf8 28. e5 Kd7 29. Nd4 g6 30. e6+ Ke7 31. Re1 Bh6+ 32. Kc3 Rc8+ 33. Kb3
Bd2 34. Rf1 1-0

[Event "Commonwealth Championship 3rd"]
[Site "Docklands, London"]
[Date "1985.02.20"]
[Round "5"]
[White "Wade, Robert G"]
[Black "Blackstock, Leslie Steven F"]
[Result "1/2-1/2"]
[WhiteElo "2315"]
[BlackElo "2275"]
[PlyCount "46"]
[EventDate "1985.02.16"]
[EventType "swiss"]
[EventRounds "11"]
[EventCountry "ENG"]
[SourceTitle "BritBase"]
[Source "John Saunders"]
[SourceDate "2022.12.30"]
[SourceVersion "1"]
[SourceVersionDate "2022.12.30"]
[SourceQuality "1"]

1. d4 Nf6 2. Bg5 d5 3. Bxf6 exf6 4. e3 Bd6 5. Bd3 O-O 6. Nd2 c6 7. Qh5 g6 8.
Qh6 f5 9. Ne2 Qf6 10. O-O-O Qg7 11. Qxg7+ Kxg7 12. h3 Be6 13. Rdg1 h5 14. Nf4
Bxf4 15. exf4 Nd7 16. h4 Rfe8 17. Re1 f6 18. Re3 Bf7 19. Rhe1 Rxe3 20. Rxe3 Re8
21. Rxe8 Bxe8 22. Nb3 b6 23. Kd2 Kf8 1/2-1/2

[Event "Commonwealth Championship 3rd"]
[Site "Docklands, London"]
[Date "1985.02.21"]
[Round "6"]
[White "Ady, Jonathan James"]
[Black "Nunn, John DM"]
[Result "0-1"]
[WhiteElo "2305"]
[BlackElo "2615"]
[PlyCount "132"]
[EventDate "1985.02.16"]
[EventType "swiss"]
[EventRounds "11"]
[EventCountry "ENG"]
[SourceTitle "BritBase"]
[Source "John Saunders"]
[SourceDate "2022.12.30"]
[SourceVersion "1"]
[SourceVersionDate "2022.12.30"]
[SourceQuality "1"]

1. e4 c5 2. Nf3 d6 3. d4 Nf6 4. Nc3 cxd4 5. Nxd4 a6 6. Bg5 Nc6 7. Qd2 e6 8.
O-O-O h6 9. Be3 Nxd4 10. Bxd4 b5 11. f3 Be7 12. Kb1 Bb7 13. a3 Bc6 14. g4 Qb8
15. Be2 a5 16. h4 e5 17. Bf2 b4 18. axb4 axb4 19. Na2 b3 20. Nb4 bxc2+ 21. Nxc2
O-O 22. g5 hxg5 23. hxg5 Nxe4 24. fxe4 Qb3 25. Qe3 Qa2+ 26. Kc1 Rfb8 27. g6
fxg6 28. b3 d5 29. Bg4 Ba3+ 30. Nxa3 Qxa3+ 31. Kd2 Qb4+ 32. Ke2 Bb5+ 33. Kf3
Rf8+ 34. Kg3 Rf6 35. exd5 Raf8 36. Be6+ Rxe6 37. dxe6 Bc6 38. Rh2 Qe7 39. Qxe5
Rf3+ 40. Kg4 Rf5 41. Qb8+ Rf8 42. Qe5 Bf3+ 43. Kg3 Bxd1 44. Bc5 Rf3+ 45. Kg2
Qb7 46. Kg1 Rf5 47. Qe3 Qb5 48. Rf2 Bxb3 49. Rxf5 gxf5 50. e7 Bf7 51. Qe5 Qb1+
52. Kf2 Qc2+ 53. Ke3 Qc1+ 54. Kf2 Qd2+ 55. Kg1 Qg5+ 56. Kf2 Qh4+ 57. Kg1 Qg4+
58. Kf2 Be8 59. Bd6 Kh7 60. Qf4 Qh5 61. Qh2 Qxh2+ 62. Bxh2 g5 63. Be5 Kg6 64.
Kg3 Kf7 65. Bd4 f4+ 66. Kg4 Kg6 0-1

[Event "Commonwealth Championship 3rd"]
[Site "Docklands, London"]
[Date "1985.02.21"]
[Round "6"]
[White "Bellin, Robert"]
[Black "Martin, Andrew D"]
[Result "1/2-1/2"]
[WhiteElo "2390"]
[BlackElo "2425"]
[PlyCount "61"]
[EventDate "1985.02.16"]
[EventType "swiss"]
[EventRounds "11"]
[EventCountry "ENG"]
[SourceTitle "BritBase"]
[Source "John Saunders"]
[SourceDate "2022.12.30"]
[SourceVersion "1"]
[SourceVersionDate "2022.12.30"]
[SourceQuality "1"]

1. d4 e6 2. Nf3 d5 3. e3 Nf6 4. Bd3 c5 5. b3 Qa5+ 6. c3 Nc6 7. O-O Qc7 8. c4
dxc4 9. bxc4 Be7 10. Bb2 O-O 11. Nbd2 b6 12. Rc1 Bb7 13. a3 Rad8 14. Bb1 cxd4
15. exd4 Qf4 16. Re1 Qh6 17. Qe2 Bd6 18. Nf1 Ne7 19. Ne5 Nh5 20. g3 Nf6 21. Ne3
Bxe5 22. dxe5 Nd7 23. Qg4 Nc5 24. Rcd1 Ng6 25. f4 Ne4 26. Nf1 Nc5 27. Bc2 Ne7
28. Rxd8 Rxd8 29. Rd1 Rxd1 30. Qxd1 Ng6 31. Qg4 1/2-1/2

[Event "Commonwealth Championship 3rd"]
[Site "Docklands, London"]
[Date "1985.02.21"]
[Round "6"]
[White "Chandler, Murray G"]
[Black "Thipsay, Praveen Mahadeo"]
[Result "1-0"]
[WhiteElo "2585"]
[BlackElo "2470"]
[PlyCount "77"]
[EventDate "1985.02.16"]
[EventType "swiss"]
[EventRounds "11"]
[EventCountry "ENG"]
[SourceTitle "BritBase"]
[Source "John Saunders"]
[SourceDate "2022.12.30"]
[SourceVersion "1"]
[SourceVersionDate "2022.12.30"]
[SourceQuality "1"]

1. e4 e5 2. Nf3 Nc6 3. Bb5 a6 4. Ba4 Nf6 5. O-O Be7 6. Re1 b5 7. Bb3 O-O 8. a4
Bb7 9. d3 d6 10. Nc3 Na5 11. Ba2 b4 12. Ne2 c5 13. Ng3 Bc8 14. h3 Be6 15. Bxe6
fxe6 16. Be3 Qd7 17. c3 bxc3 18. bxc3 Rab8 19. Qc2 Rb7 20. Rab1 Rfb8 21. d4
exd4 22. cxd4 cxd4 23. Bxd4 Nb3 24. Bxf6 Bxf6 25. Rbd1 Be7 26. Qc4 Nc5 27. Nf5
Qc7 28. N3d4 Rb4 29. Nxe6 Rxc4 30. Nxc7 Bf8 31. Nxd6 Bxd6 32. Rxd6 Nxe4 33.
Rxa6 Rbb4 34. Ra8+ Kf7 35. Nb5 Kg6 36. Ra6+ Kg5 37. Nd6 Nxd6 38. Rxd6 Rxa4 39.
Re7 1-0

[Event "Commonwealth Championship 3rd"]
[Site "Docklands, London"]
[Date "1985.02.21"]
[Round "6"]
[White "Hanreck, Alan E"]
[Black "Howell, James C"]
[Result "1-0"]
[WhiteElo "2275"]
[BlackElo "2395"]
[PlyCount "111"]
[EventDate "1985.02.16"]
[EventType "swiss"]
[EventRounds "11"]
[EventCountry "ENG"]
[SourceTitle "BritBase"]
[Source "John Saunders"]
[SourceDate "2022.12.30"]
[SourceVersion "1"]
[SourceVersionDate "2022.12.30"]
[SourceQuality "1"]

1. Nf3 Nf6 2. d4 g6 3. Bf4 Bg7 4. e3 d6 5. h3 O-O 6. Nbd2 Nc6 7. c3 Qe8 8. Bh2
e5 9. dxe5 dxe5 10. Bb5 e4 11. Nd4 Nd5 12. O-O Bd7 13. Bc4 Nb6 14. Nxc6 Bxc6
15. Bxc7 Qe7 16. Bxb6 axb6 17. Nb3 b5 18. Be2 b4 19. Nd4 bxc3 20. bxc3 Ra3 21.
Qd2 Qc5 22. Rfc1 Rfa8 23. Bd1 Bd5 24. Bb3 Bxb3 25. Nxb3 Qc4 26. Qb2 Be5 27. Rc2
b5 28. Nd4 R8a5 29. Nb3 R5a4 30. Nd4 Ra5 31. Nb3 Qxb3 32. axb3 Rxa1+ 33. Rc1
Rxc1+ 34. Qxc1 b4 35. g4 bxc3 36. Qc2 f5 37. gxf5 gxf5 38. b4 Rb5 39. Qa2+ Kg7
40. Qa7+ Kg8 41. Qd7 c2 42. Qc8+ Kg7 43. Qxc2 Rxb4 44. Qc5 Rb1+ 45. Kg2 Kf6 46.
Qf8+ Kg6 47. Qe8+ Kf6 48. Qh8+ Ke6 49. Qxh7 Rb8 50. Qg6+ Bf6 51. h4 Rh8 52. h5
Ke5 53. h6 Rf8 54. h7 f4 55. Qg8 f3+ 56. Kh3 1-0

[Event "Commonwealth Championship 3rd"]
[Site "Docklands, London"]
[Date "1985.02.21"]
[Round "6"]
[White "Hebden, Mark L"]
[Black "Sathe, Bhagyashree"]
[Result "1-0"]
[WhiteElo "2480"]
[BlackElo "2075"]
[PlyCount "87"]
[EventDate "1985.02.16"]
[EventType "swiss"]
[EventRounds "11"]
[EventCountry "ENG"]
[SourceTitle "BritBase"]
[Source "John Saunders"]
[SourceDate "2022.12.30"]
[SourceVersion "1"]
[SourceVersionDate "2022.12.30"]
[SourceQuality "1"]

1. e4 c6 2. d4 d5 3. exd5 cxd5 4. c4 Nf6 5. Nc3 g6 6. Qb3 Bg7 7. cxd5 O-O 8.
Be2 Nbd7 9. Bf3 Nb6 10. Bg5 a5 11. Nge2 a4 12. Qb5 Bd7 13. Qb4 Bf5 14. Bxf6
Bxf6 15. Rd1 Rc8 16. O-O Qd6 17. Qxd6 exd6 18. Nb5 Rfd8 19. Nec3 Nc4 20. g4 Bd7
21. b3 axb3 22. axb3 Bxb5 23. Nxb5 Nb6 24. Ra1 Rd7 25. Rfc1 Rxc1+ 26. Rxc1 Bd8
27. Kg2 Kg7 28. Kg3 Na8 29. Rc8 Nb6 30. Rb8 h6 31. Be4 Be7 32. f4 Bd8 33. h4 f6
34. Kf3 Be7 35. Ke2 Bd8 36. Kd3 Be7 37. Ke2 Bd8 38. Kf1 Be7 39. Kg2 Bd8 40. Kg3
Be7 41. h5 f5 42. gxf5 gxh5 43. f6+ Kxf6 44. Rh8 1-0